000
00417nam a22001337a 4500
003
SGT
020
_a
9788123780641
082
_a
200
_b
L17Q
100
_a
कुरैशी, एस. वाय.
245
_a
लोकतंत्र के उत्सव की अनकही कहानी
260
_b
राष्ट्रिय पुस्तक न्यास
_c
2017
300
_a
417
942
_2
ddc
_c
BK
999
_c
31820
_d
31820